| 000 | 00736nam a2200169 a 4500 | ||
|---|---|---|---|
| 001 | 000022529 | ||
| 005 | 20200930021646.0 | ||
| 008 | 101013s1945 dr 001 0 spa d | ||
| 040 |
_aDO-SdBNP _bspa _cBNPHU |
||
| 041 | 1 | 7 | _aing |
| 110 | 1 |
_aRepública Dominicana. _bcomission appointe by the excutive power of the Dominican Republic to appraise the repot of ghe bookings institution concerning the colonization of refugee in Santo Domingo _946384 |
|
| 240 | 1 | 0 |
_aCapacity of the Dominican republic to absorb refugees _lTítulo en inglés |
| 245 | 1 | 0 | _aCapacity of the Dominican republic to absorb refugees /. |
| 260 |
_aCiudad Trujillo, República Dominicana : _bEditora Montalvo, _c1945. |
||
| 300 |
_a120 p. ; _c24 cm. |
||
| 049 | _aBNPD | ||
| 999 |
_c22026 _d22026 |
||